Statistics for San Francisco True or False?

Click here to take the quiz!

General Stats

  • This quiz has been taken 75 times
  • The average score is 8 of 15

Answer Stats

QuestionAnswer% Correct
San Francisco has the oldest Chinatown in North AmericaTrue
75%
The films Dirty Harry, Invasion of the Body Snatchers and Mrs Doubtfire are all set in San FranciscoTrue
72%
The 1906 earthquake that levelled the city was the deadliest in US historyTrue
64%
San Francisco was the first city in the United States to ban the use of plastic bagsTrue
64%
One in three San Franciscans is of Asian descentTrue
63%
Alcatraz is the largest federal prison in the United States, containing over 2,000 prisonersFalse
60%
San Francisco hosts the headquarters of Twitter, Facebook and AmazonFalse
55%
San Francisco is the oldest European settlement in CaliforniaFalse
52%
San Francisco is further north than Washington, D.C.False
49%
The Beatles' final full concert took place in San FranciscoTrue
48%
Clint Eastwood, Danny Glover and Steven Spielberg were all born in San FranciscoFalse
45%
The United Nations charter was drafted and ratified in San FranciscoTrue
45%
The Port of San Francisco is the busiest commercial harbour in CaliforniaFalse
36%
San Francisco was a more populous city than Los Angeles until the 1950sFalse
33%
Mayor Harvey Milk was the first openly gay elected public official in the United StatesFalse
21%

Score Distribution

Percentile by Number Answered

Percent of People with Each Score

Your Score History

You have not taken this quiz